Statistics for The best players of Blue Lock on each team

Click here to take the quiz!

General Stats

  • This quiz has been taken 24 times
  • The average score is 4 of 5

Answer Stats

Starting Letter and TeamAnswer% Correct
I (i), team ZIsagi
100%
N, R or Z, team VThe Trio
100%
B, team XBarou
86%
N, team YNiko
86%
J or K, Team WThe Twins
41%

Score Distribution

Percentile by Number Answered

Percent of People with Each Score

Your Score History

You have not taken this quiz